000 00754nam a2200193 a 4500
001 000035614
005 20200930074456.0
008 111105s2006 br 000 0 spa d
020 _a8533304455
040 _aDO-SdBNP
_bspa
_cBNPHU
100 1 _aNina Rodrigues, Raymundo
_961516
245 1 0 _aO animismo fetichista dos negros baianos /
_aRaymundo Nina Rodrigues.
260 _aRio de Janeiro :
_bRepública Federativa do Brasil
_bMinisterio da Cultura, Fundação Biblioteca Nacional,
_c2006.
300 _a139 p. ;
_c24 cm.
500 _aTexto a dos columnas
500 _aIncluye datos biográficos del autor en la solapa
710 2 _aRepública Federativa do Brasil
_959296
710 2 _aMinisterio da Cultura, Fundação Biblioteca Nacional,
_961517
999 _c35105
_d35105